000 00947nas a2200325 4500
001 BR0901154
003 BR-BrBNA
005 20231205113151.0
007 ta
008 230509b bl.|||p| |||| 00| 00por d
040 _aBR-BrBNA
_bpor
_cBiblioteca Nacional de Agricultura
041 _a(Pt)
072 _aL51
100 1 _aCampos, W.E.
100 1 _aBorges, A.L.C.C.
100 1 _aSaturnino, H.M.
100 1 _aSilva, R.R.
100 1 _aSousa, B.M.
100 1 _aRogério, M.C.P.
100 1 _aBorges, I.
100 1 _aRodriguez, N.M.
245 1 _aDegrabilidade ruminal da fibra das frações do resíduo industrial de tomate
650 _aTOMATE
650 _aSEMENTE
650 _aCASCA
650 _aBOVINO
773 0 _tArquivo Brasileiro de Medicina Veterinária e Zootecnia (Brazil)
_xISSN 0102-0935
_g(Feb 2007), v. 59(1) p. 189-195
_wBR0901154
909 _a202311
_bLúcia
_c55
_dLúcia Elande
942 _2AGRIS
_n0
_cANA
999 _c202240
_d202240